00770cam a22002531 4500001000800000005001700008008004100025010001700066035001900083040002500102041000800127042001200135080001500147082001500162100000600177101000800183245008700191504002700278740002300305906004500328942001200373999001700385952011400402702752620180125033555.0750819s1961 iau b 000 0 eng  a 61013314  a(OCoLC)1559739 aDLCcFMUdOCoLCdDLC aeng apremarc a613.71 DAV a613.71 DAV1 a7 aANA10aBiophysical values of muscular activity,cby Elwood Craig Davis and Gene A. Logan. aIncludes bibliography.0 aMuscular activity. a7bcbccoclcrplduencipf19gy-gencatlg 2ddccBK c40890d40890 00102udc40708PËKGa002b002cPËKGd2018-01-25l0o613.71 DAVp002-2996174r2018-01-25w2018-01-25yBK